000
00302pab a2200133 454500
008
180718b1991 xxu||||| |||| 00| 0 eng d
245
_a
The global context of democratisation
260
_c
1991
300
_a
119-74
362
_a
Spring
650
_a
Democracy
773
_a
Alternatives
909
_a
7167
999
_c
7167
_d
7167